|
|
|
|
| LEADER |
00000nab a2200000 a 4500 |
| 001 |
vtls000073705 |
| 003 |
SK-MaSNL |
| 005 |
20260304062603.0 |
| 008 |
250422c1980 xo 0 slo |
| 015 |
|
|
|a SNBRB19rr/mm-uuuuu
|
| 035 |
|
|
|a CL0083806
|
| 035 |
|
|
|a urn:nbn:sk:snk-abb9d5
|
| 035 |
|
|
|a (urnnbn)urn:nbn:sk:snk:ar-000rex
|
| 035 |
|
|
|a (uuid)78015ff4-466f-4828-b473-55acd7e2f60e
|
| 040 |
|
|
|a SNKBUCL
|b slo
|c SNKBUCL
|e AACR2
|
| 041 |
0 |
|
|a eng
|
| 044 |
|
|
|a xo
|c SK
|
| 080 |
|
|
|a 577
|2 1981
|
| 100 |
1 |
|
|a Šturdík, Ernest,
|d 1947-2014
|4 aut
|9 240302
|
| 245 |
1 |
0 |
|a Inhibition of glycolysis in ehrlich ascites carcinoma cells with dichlofluanid
|c Ernest Šturdík, Ľudovít Drobnica
|
| 300 |
|
|
|b Tb. 3. Grafy 5. Res. slov., rus.
|
| 650 |
0 |
7 |
|a glykolýza
|2 snkbucl
|9 1155062
|
| 650 |
0 |
7 |
|a dichlofluanid
|2 snkbucl
|9 1348082
|
| 655 |
|
7 |
|a články z novín a časopisov
|2 snkbucl
|9 267496
|
| 700 |
1 |
|
|a Drobnica, Ľudovít,
|d 1930-1980
|4 aut
|9 131826
|
| 773 |
0 |
|
|t Biológia
|g Roč. 35, č. 9 (1980), s. 657-665
|
| 850 |
|
|
|a Slovenská národná knižnica
|
| 852 |
|
|
|a Slovenská národná knižnica
|
| 954 |
|
|
|a odborná, vedecká literatúra pôvodná (slovenská)
|2 lita
|
| 958 |
|
|
|a article15
|
| 958 |
|
|
|a RK
|
| 958 |
|
|
|a MI
|
| 958 |
|
|
|a OND
|
| 958 |
|
|
|a EUIPO
|
| 992 |
|
|
|a RBX
|
| 999 |
|
|
|c 2738894
|d 2740824
|